000 01356cam a22003737a 4500
003 CHAP
005 20220329141348.0
008 971013s1987 r 00010 d
010 _a67053
011 _a68025
035 _a77497
040 _cCHAP
082 _a631.47
_bB4
100 0 0 _aBeek, Klaas Jan.
_911249
245 0 _aQuantified land evaluation procedures
_b: proceedings of the International Workshop...
260 _aEnschede, The Netherlands :
_bInternational Institute for Aerospace Survey and Earth,
_c1987
300 _a165 p.
_b: ilus., gráfs.
490 0 _aITC publication
_v; 6
590 _aBATCH-UPD
_b10
_c20130109
_lUCH01
_h2336
590 _aBATCH-UPD
_b10
_c20130110
_lUCH01
_h0626
590 _aBATCH-UPD
_b10
_c20130110
_lUCH01
_h2311
590 _aBATCH-UPD
_b10
_c20130410
_lUCH01
_h0310
590 _aBATCH-UPD
_b10
_c20130914
_lUCH01
_h2111
590 _aCONVERSION
_b10
_c20130109
_lUCH01
_h1337
650 1 4 _aTierras
_xEvaluación.
_9113113
700 0 _aBurrough, Peter A.
_916278
700 0 _aMcCormack, Donald E.
_973424
710 0 _aE.U.A. Department of Agriculture.
_934876
710 0 _aInternational Institute for Aerospace Survey and Earth Sciences.
_959728
830 0 _aITC publication
_v; 6
_960676
901 _aBK
942 _cLIBRO
949 _a631.47 B4
_bBC
_cLIBRO
_d33724000077996
_eLIBRO
_h73129
_i77497
_mD
_si
999 _c67053
_d67053